Responses for Show #4247 - Tuesday, February 4, 2003

2003 Teen Tournament quarterfinal game 2.

Contestants

[<< previous game]

John Zhang, a junior from Lexington, Kentucky

Brittany McCants, a junior from Winnsboro, South Carolina

Susan Bellenot, a senior from Lakeview Terrace, California

[next game >>]

Jeopardy! Round responses

LANDMARKS
FALL TV 2002
(Alex: Hope you were watching!)
ARMY, NAVY, AIR FORCE OR MARINES
(Alex: You tell us which one.)
AROUND THE WORLD BOOK
TELL 'EM WHAT THEY'VE WON, JOHNNY
MOVE THE S
(Alex: Let me explain that: in each clue, there will be at least one word that has an "S" in it. If you take that "S" & moved it somewhere else within that word, you would create a new word, & that's the word we're going for.)
    $200 7
Grand Canyon

John
    $200 4
(John: What is 12?)

8

BrittanyJohn
    $200 17
Army

John
    $200 3
insomnia

Susan
    $200 26
Oscars

John
    $200 1
Easter/eaters

Susan
    $400 8
The Great Wall of China

Susan
    $400 5
The Bachelor

Triple Stumper
    $400 18
Navy

John
    $400 15
January 1, 2000

Triple Stumper
    $400 27
Grammy

John
    $400 2
worse/swore

John
    $600 12
The Sears Tower

John
    $600 6
The Twilight Zone

Susan
    $600 19
Air Force

John
    $600 16
M

Triple Stumper
    $600 28
Nobel Peace Prize

John
    $600 9
shoe/hose

Brittany
    $1,000 13
The Kremlin

John
    $800 10
Family Affair

Brittany
    $800 20
Navy

John
    $800 22
(Susan: What are snakes?)

fish

Susan
Triple Stumper
    $800 29
Heisman Trophy

John
    $800 24
clasp/claps

Brittany
    $1000 14
The Pantheon

John
    $1000 11
Catwoman

Brittany
    $1000 21
Marines

John
    $1000 23
pirate

John
    $1000 30
Buffalo

John
    $1000 25
strut/trust

Susan

Scores at the first commercial break (after clue 15):

Susan Brittany John
$1,400 $2,600 $3,000

Scores at the end of the Jeopardy! Round:

Susan Brittany John
$1,600 $3,400 $10,000

Double Jeopardy! Round responses

SHAKESPEARE
(Alex: That's a good subject!)
SPORTS & FITNESS
(Alex: Good also!)
NOTABLE WOMEN
TECH TALK
U.S. HISTORY
WORD ORIGINS
    $400 16
Romeo and Juliet

John
    $400 26
soccer

John
    $400 11
Betsy Ross

Brittany
    $400 21
Apple Macintosh

John
    $400 6
the Constitutional Convention

John
    $400 1
ambulance

Susan
    $800 17
Julius Caesar

Susan
    $800 27
hits the net

John
    $800 12
Princess Diana

Brittany
    $800 22
wi-fi (wireless fidelity)

Triple Stumper
    $800 7
William T. Sherman

John
    $800 2
(John: What are tubers?)

spuds

John
Triple Stumper
    $800 18
Taming of the Shrew

Susan
    $1200 28
squat

John
    $1200 13
Oprah Winfrey

Brittany
    $1200 23
plug and play

John
    $1200 8
Joseph McCarthy

John
    $1,000 3
(Susan: What is an amplifier?)

microphone

Susan
    $1600 19
run smooth

Triple Stumper
    $1600 29
(John: Who are the Baltimore Ravens?)
...
(Alex: John, you don't have to worry about missing that clue!)

New England Patriots

SusanJohn
    $1600 14
Sally Ride

John
    $1600 24
(John: What is AIM?)
(Susan: What is A-I-M?)

ICQ

SusanJohn
Triple Stumper
    $1600 9
The Homestead Act

John
    $1600 4
vamoose (vamonos)

Triple Stumper
    $2000 20
The Winter's Tale

Triple Stumper
    $2000 30
Kristi Yamaguchi

Triple Stumper
    $2000 15
Rosa Parks

John
    $2000 25
tag

Triple Stumper
    $2000 10
yellow journalism

John
    $2000 5
salmonella

John

Scores at the end of the Double Jeopardy! Round:

Susan Brittany John
$2,600 $5,800 $22,000
(lock game)

Final Jeopardy! Round responses

INTERNATIONAL GEOGRAPHIC
(Alex: Russia is the largest, but it borders many other countries.)
SusanWhat is Canada?
$2,600
BrittanyWhat is Canada
$900
JohnWhat is Canada?
$0
Canada (borders only the United States)

Final scores:

Susan Brittany John
$5,200 $6,700 $22,000
3rd place: $2,500 if eliminated 2nd place: $2,500 if eliminated Automatic semifinalist

Game dynamics:

Coryat scores:

Susan Brittany John
$4,000 $5,800 $21,800
9 R
(including 1 DD),
3 W
(including 1 DD)
8 R,
0 W
30 R
(including 1 DD),
4 W

Combined Coryat: $31,600

[game clues] [game scores] [suggest correction]

Game tape date: 2002-12-16
The J! Archive is created by fans, for fans. Scraping, republication, monetization, and malicious use prohibited; this site may use cookies and collect identifying information. See terms. The Jeopardy! game show and all elements thereof, including but not limited to copyright and trademark thereto, are the property of Jeopardy Productions, Inc. and are protected under law. This website is not affiliated with, sponsored by, or operated by Jeopardy Productions, Inc. Join the discussion at JBoard.tv.